书目信息 |
| 题名: |
心理学
|
|
| 作者: | 程正方 , 高玉祥 , 郑日昌 编著 | |
| 分册: | ||
| 出版信息: | 北京 北京师范大学出版社 2009 |
|
| 页数: | 383页 | |
| 开本: | 23cm | |
| 丛书名: | ||
| 单 册: | ||
| 中图分类: | B84 | |
| 科图分类: | ||
| 主题词: | 心理学--高等学校--教材 , 心理学 | |
| 电子资源: | ||
| ISBN: | 978-7-303-00298-6 | |
| 000 | 00998nam0 2200289 45 | |
| 001 | 1338825531 | |
| 005 | 20130513163203.75 | |
| 010 | @a978-7-303-00298-6@dCNY35.00 | |
| 100 | @a20130108d2009 em y0chiy0110 ea | |
| 101 | 0 | @achi |
| 102 | @aCN@b110000 | |
| 105 | @ay z 000yy | |
| 106 | @ar | |
| 200 | 1 | @a心理学@AXin Li Xue@f程正方,高玉祥,郑日昌编著@FCheng Zheng Fang, Gao Yu Xiang, Zheng Ri Chang Bian Zhu |
| 205 | @a4版 | |
| 210 | @a北京@c北京师范大学出版社@d2009 | |
| 215 | @a383页@d23cm | |
| 300 | @a新世纪高等学校教材 心理学系列教材 | |
| 330 | @a本书主要对心理学的基础知识作了介绍,具体内容包括人的心理的实质、思维与想象、个性及其倾向性、气质、德育心理及其应用等。 | |
| 606 | 0 | @a心理学@x高等学校@j教材 |
| 606 | 0 | @a心理学 |
| 690 | @aB84@v5 | |
| 701 | 0 | @a程正方@ACheng Zheng Fang@f(1940~)@4编著 |
| 701 | 0 | @a高玉祥@AGao Yu Xiang@4编著 |
| 701 | 0 | @c(满)@a郑日昌@AZheng Ri Chang@f(1944~)@4编著 |
| 801 | @aCN@bTANGWEI@c20130108 | |
| 905 | @b0819933-37@dB84@e1115=4@f5 | |
| 心理学/程正方,高玉祥,郑日昌编著.-4版.-北京:北京师范大学出版社,2009 |
| 383页;23cm |
| 新世纪高等学校教材 心理学系列教材 |
| ISBN 978-7-303-00298-6:CNY35.00 |
| 本书主要对心理学的基础知识作了介绍,具体内容包括人的心理的实质、思维与想象、个性及其倾向性、气质、德育心理及其应用等。 |
| ● |
| 相关链接 |
|
|
|
|
正题名:心理学
索取号:B84/1115=4
 
预约/预借
| 序号 | 登录号 | 条形码 | 馆藏地/架位号 | 状态 | 备注 |
| 1 | 0819933 | 208199331 | 第一样本阅览室/ [索取号:B84/1115=4] | 在馆 | |
| 2 | 0819934 | 208199340 | 第一借阅区/ [索取号:B84/1115=4] | 在馆 | |
| 3 | 0819935 | 208199359 | 教育系资料室/ [索取号:B84/1115=4] | 在馆 | |
| 4 | 0819936 | 208199368 | 教育系资料室/ [索取号:B84/1115=4] | 在馆 | |
| 5 | 0819937 | 208199377 | 教育系资料室/ [索取号:B84/1115=4] | 在馆 |